Potenciál rozvoja e-commerce a inovatívnych foriem marketingu v Slovenskej republike

Nové technológie využívané v marketingu, akými sú napríklad elektronické obchodovanie a mobilný marketing. Stručný opis ich vzniku a vývoja, analýza výhod, ale aj rizík ich využívania a odhad budúcich trendov. Členenie obchodných vzťahov v rámci e-commerce. Stav e-commerce na Slovensku. Preferencie...

Descrizione completa

Salvato in:
Dettagli Bibliografici
Autore principale: Zaujecová, Dáša
Altri autori: Konštiaková, Veronika
Natura: Capitolo di libro
Lingua:slovacco
Soggetti:
Tags: Aggiungi Tag
Nessun Tag, puoi essere il primo ad aggiungerne!!

MARC

LEADER 00000nla$a2200000$$$4500
001 0125055
005 20240522075705.2
041 0 |a slo 
044 |a SK 
245 1 0 |a Potenciál rozvoja e-commerce a inovatívnych foriem marketingu v Slovenskej republike  |c Dáša Zaujecová, Veronika Konštiaková 
520 |a Nové technológie využívané v marketingu, akými sú napríklad elektronické obchodovanie a mobilný marketing. Stručný opis ich vzniku a vývoja, analýza výhod, ale aj rizík ich využívania a odhad budúcich trendov. Členenie obchodných vzťahov v rámci e-commerce. Stav e-commerce na Slovensku. Preferencie a postoje slovenských užívateľov internetu. Slovenská asociácia pre elektronický obchod. Výhody mobilného marketingu, oproti iným marketingovým metódam. Právne aspekty e-commerce a m-marketingu. 
610 2 0 |a marketing 
610 2 0 |a technológie nové 
610 2 0 |a obchod elektronický 
610 2 0 |a internet 
610 2 0 |a regulácia 
610 2 0 |a poriadok právny 
100 1 |a Zaujecová, Dáša 
700 1 |a Konštiaková, Veronika